Normal view
MARC view
- Choueiri, Youssef M.
Entry Personal Name
001 - CONTROL NUMBER
- control field: 104361
003 - CONTROL NUMBER IDENTIFIER
- control field: NUST
005 - DATE AND TIME OF LATEST TRANSACTION
- control field: 20221207153202.0
008 - FIXED-LENGTH DATA ELEMENTS
- fixed length control field: 221207|| aca||aabn | a|a d
040 ## - CATALOGING SOURCE
- Original cataloging agency: NUST
- Transcribing agency: NUST
100 ## - HEADING--PERSONAL NAME
- Personal name: Choueiri, Youssef M.
670 ## - SOURCE DATA FOUND
- Source citation: Work cat.: (NUST)185052: Choueiri, Youssef M.,, Islamic fundamentalism /, 1997.
